00552nam a2200193 a 4500001001300000003000900013005001700022008004100039020002300080082001700103100002500120245004800145260005400193300000900247500003500256505002400291650001800315700002500333nice12345678IN_TiNIC20260116014234.0050524s2002 isla grp 000 0 eng  a9694085 c40000a297.09bGHA2 aGhazi, Mahmood Ahmad aIslamic Renaissance in South Asia 1707-1867 aIslamabadbInternational Islamic Universityc2002 a298p aincludes index and biblioraphy2 aBibliography, Index aIslam-History1 aGhazi, Mahmood Ahmad